=LDR 00000nam 2200000 4500 =001 INLIS000000000006708 =005 20130612094821 =008 ***********************************Ind** =035 ##$$0010-061300000006708 =041 ##$$a Ind =082 ##$$a 070.505 =090 ##$$a 070.505, Ana a =245 ##$$a Analisa, hubungan Utara - Selatan =260 ##$$a 1982 $b [s.l] =300 ##$$a 585 hlm., 23 cm =650 ##$$a Jurnalisme =850 ##$$a NBPNMAT